Central Library OPAC University of Rajshahi

The Teaching of Business Management / (Record no. 37813)

MARC details
000 -LEADER
fixed length control field 00778nam a2200277 a 4500
001 - CONTROL NUMBER
control field 37813
003 - CONTROL NUMBER IDENTIFIER
rucl marc code UkOxU
005 - DATE AND TIME OF LATEST TRANSACTION
control field 20211209052647.0
008 - FIXED-LENGTH DATA ELEMENTS--GENERAL INFORMATION
fixed length control field 150728s1968 ii b i001 0 eng
035 ## - SYSTEM CONTROL NUMBER
System control number BD-RjUL
System control number (BD-RjUL) 37918
System control number 7532764
040 ## - CATALOGING SOURCE
Original cataloging agency DLC
Transcribing agency PCoR
Modifying agency NcRS
-- BD-RjUL
Language of cataloging eng
041 ## - LANGUAGE CODE
Language code of text/sound track or separate title eng
082 ## - DEWEY DECIMAL CLASSIFICATION NUMBER
Classification number 658
Author mark and year GAT 1968
100 1# - MAIN ENTRY--PERSONAL NAME
Personal name Grégoire, Roger,
9 (RLIN) 117151
245 14 - TITLE STATEMENT
Title The Teaching of Business Management /
Statement of responsibility, etc. Roger Grogore
260 ## - PUBLICATION, DISTRIBUTION, ETC. (IMPRINT)
Place of publication, distribution, etc. Delhi :
Name of publisher, distributor, etc. The universal Book and Stationary co. ,
Date of publication, distribution, etc. 1968.
300 ## - PHYSICAL DESCRIPTION
Pagination viii, 348 p. ;
Size 21 cm.
490 1# - SERIES STATEMENT
Series statement The Teaching of Business Management.
504 ## - BIBLIOGRAPHY, ETC. NOTE
Bibliography, etc Includes index
650 #0 - SUBJECT ADDED ENTRY--TOPICAL TERM
Topical term or geographic name as entry element Business Management
9 (RLIN) 117152
942 ## - ADDED ENTRY ELEMENTS (KOHA)
Source of classification or shelving scheme Dewey Decimal Classification
Koha item type Books
Holdings
Lost status Source of classification or shelving scheme Damaged status Not for loan Collection code Permanent Location Current Location Shelving location Date acquired Source of acquisition Cost, normal purchase price Total Checkouts Full call number Date last seen Copy number Koha item type
  Dewey Decimal Classification     Non-fiction Central Library, University of Rajshahi Central Library, University of Rajshahi   18/04/1974 Book centre 6.25   658 GRT 1968 27/07/2015 C-2 Books
  Dewey Decimal Classification   Not For Loan Non-fiction Central Library, University of Rajshahi Central Library, University of Rajshahi Reading Room 18/04/1974 Book Centre 6.20   658 GAT 1968 24/04/2019 C-1 Books
  Dewey Decimal Classification     Non-fiction Central Library, University of Rajshahi Central Library, University of Rajshahi   24/04/2019       658 GAT 1968 24/04/2019 C-3 Books